Normal view
MARC view
Entry Topical Term
001 - CONTROL NUMBER
- control field: 40385
003 - CONTROL NUMBER IDENTIFIER
- control field: ARRUPE
005 - DATE AND TIME OF LATEST TRANSACTION
- control field: 20180308143311.0
008 - FIXED-LENGTH DATA ELEMENTS
- fixed length control field: 180308|| aca||aabn | a|a d
040 ## - CATALOGING SOURCE
- Original cataloging agency: ARRUPE
- Transcribing agency: ARRUPE
150 ## - HEADING--TOPICAL TERM
- Topical term or geographic name as entry element: Manyika (African people)
- General subdivision: Commerce
670 ## - SOURCE DATA FOUND
- Source citation: Work cat.: (ARRUPE)12725: Bhila, H.H.K 40384, Trade and politics in a Shona kingdom:, 1982